00461nam a2200133 a 450000100100000000500170001000800410002710000300006824500930009826000600019130000250025170000380027604000130031400002786420240308073619.0110405s2001 dr a 000 0 spa d1 aRojas, Juan Pradiod1963-13aEl robo de la santa cruzy otros relatos /cJuan Pradio Rojas; prólogo Avelino Stanley. aSanto Domingo :bEditora Cocolo,c2001.fEditora Búho a64 p. ;c22 cm.bil.1 aStanley, Avelino,d1959-epról. aDO-SdBNP